00321nam a2200121Ia 4500008004100000020001500041050001500056100002100071245003000092260004000122300002400162650001300186150202s9999 xx 000 0 und d a052342048X aFIC bFIC  aMorell, William. aDaimyo /cWilliam Morell. aNew York :bPinnacles Books,c1983. a438 pages :c18 cm. aFiction.